[Event "Sao Martinho do Porto op 1st"]
[Site "Sao Martinho do Porto"]
[Date "2018.09.17"]
[Round "5"]
[White "Coimbra, Joao Marcial Ferrei"]
[Black "Oliveira, Fernando Alves"]
[Result "0-1"]
[WhiteElo "1429"]
[BlackElo "1586"]
[PlyCount "150"]
[EventDate "2018.09.15"]
[EventType "swiss"]
[EventRounds "9"]
[EventCountry "POR"]
[SourceTitle "CBM 186 Extra"]
[Source "ChessBase"]
[SourceDate "2018.08.24"]
[SourceVersion "1"]
[SourceVersionDate "2018.08.24"]
[SourceQuality "1"]

1. e3 d5 2. c3 Nf6 3. Be2 e6 4. Qa4+ Nbd7 5. Nf3 Be7 6. d4 a6 7. a3 0-0 8. Nbd2 c5 9. b4 cxd4 10. exd4 Nb6 11. Qb3 Bd7 12. Qa2 Rc8 13. Bb2 Bb5 14. Bxb5 axb5 15. 0-0 Bd6 16. Rfe1 Ng4 17. h3 Nf6 18. Ne5 Nfd7 19. Nd3 Qg5 20. Nf3 Qf5 21. Nc5 Rc7 22. Bc1 Nc4 23. Qe2 b6 24. Nxd7 Rxd7 25. Be3 h6 26. a4 bxa4 27. Rxa4 Rc7 28. Rea1 Rfc8 29. Ra8 Rxa8 30. Rxa8+ Kh7 31. g4 Qb1+ 32. Kg2 Qe4 33. Ra2 Nxe3+ 34. fxe3 Rxc3 35. Kf2 Bxb4 36. Rb2 Ba5 37. g5 Qf5 38. gxh6 gxh6 39. h4 Rc1 40. Kg2 Qg4+ 41. Kf2 Rh1 42. Ng5+ Qxg5 43. hxg5 Rh2+ 44. Kf3 Rxe2 45. Rxe2 hxg5 46. Kg4 Kg6 47. Rc2 f5+ 48. Kf3 b5 49. Rc5 g4+ 50. Ke2 Kg5 51. Rxb5 Bc7 52. Rb7 Bh2 53. Rb1 f4 54. exf4+ Kxf4 55. Kd3 g3 56. Rf1+ Kg4 57. Rf6 g2 58. Rg6+ Kf3 59. Rf6+ Bf4 60. Rg6 Kf2 61. Rf6 g1Q 62. Rxf4+ Ke1 63. Rf6 Qg3+ 64. Kc2 Qg2+ 65. Kb3 Qe4 66. Ka2 e5 67. dxe5 Qxe5 68. Rc6 Kd2 69. Rb6 d4 70. Rb2+ Kd3 71. Rb1 Qa5+ 72. Kb2 Kd2 73. Rh1 Qb6+ 74. Ka3 Qa6+ 75. Kb2 Qb7+ 0-1

[Event "Sao Martinho do Porto op 1st"]
[Site "Sao Martinho do Porto"]
[Date "2018.09.16"]
[Round "4"]
[White "Oliveira, Fernando Alves"]
[Black "Castanheira, Antonio Pedro Ribei"]
[Result "0-1"]
[WhiteElo "1586"]
[BlackElo "1905"]
[PlyCount "130"]
[EventDate "2018.09.15"]
[EventType "swiss"]
[EventRounds "9"]
[EventCountry "POR"]
[SourceTitle "CBM 186 Extra"]
[Source "ChessBase"]
[SourceDate "2018.08.24"]
[SourceVersion "1"]
[SourceVersionDate "2018.08.24"]
[SourceQuality "1"]

1. d4 d5 2. Bf4 Nf6 3. e3 e6 4. Bd3 Bd6 5. Bg3 Bxg3 6. hxg3 Nbd7 7. Nf3 Qe7 8. c3 e5 9. Bb5 c6 10. Ba4 e4 11. Nfd2 b5 12. Bc2 Nb6 13. Qe2 Nc4 14. Nxc4 bxc4 15. Ba4 Qc7 16. Rh4 h5 17. Na3 Bg4 18. Qd2 g5 19. Rh1 Ke7 20. Bd1 Bd7 21. b4 a5 22. Nc2 Rh7 23. Be2 Ng4 24. bxa5 Rah8 25. a6 h4 26. Bxg4 Bxg4 27. gxh4 Rxh4 28. Rxh4 Rxh4 29. f3 Bc8 30. fxe4 dxe4 31. 0-0-0 Bxa6 32. d5 Rh6 33. Nb4 Bb7 34. Qd4 cxd5 35. Nxd5+ Bxd5 36. Qxd5 Re6 37. Qxg5+ Ke8 38. Rd5 Qb6 39. Rc5 Qa6 40. Qg8+ Ke7 41. Rc7+ Kd6 42. Qd8+ Ke5 43. Qd4+ Kf5 44. Rc5+ Kg6 45. Qxc4 Qd6 46. Rc8 Kh7 47. Ra8 Qg3 48. Qe2 Kg7 49. Ra7 Rf6 50. Ra5 Kf8 51. Ra8+ Kg7 52. Ra5 Kf8 53. Qb5 Qxe3+ 54. Kb2 Rb6 55. a4 Rxb5+ 56. Rxb5 Qf2+ 57. Kb3 e3 58. g4 e2 59. Re5 e1Q 60. Rxe1 Qxe1 61. a5 Qe6+ 62. Kb4 Qa6 63. c4 Ke7 64. g5 Kd7 65. Ka4 Qxc4+ 0-1

[Event "Leiria op 5th"]
[Site "Leiria"]
[Date "2017.07.16"]
[Round "4"]
[White "Negrao, Alberto Rodolfo AS"]
[Black "Oliveira, Fernando Alves"]
[Result "1-0"]
[WhiteElo "1939"]
[BlackElo "1580"]
[PlyCount "47"]
[EventDate "2017.07.14"]
[EventType "swiss"]
[EventRounds "5"]
[EventCountry "POR"]
[SourceTitle "EXT 2018"]
[Source "ChessBase"]
[SourceDate "2017.10.13"]
[SourceVersion "1"]
[SourceVersionDate "2017.10.13"]
[SourceQuality "1"]

1. e4 d5 2. exd5 Qxd5 3. d4 e5 4. dxe5 Qxd1+ 5. Kxd1 Bc5 6. f4 Bg4+ 7. Be2 Bf5 8. g4 Be4 9. Bf3 Bc6 10. Nc3 Bxf3+ 11. Nxf3 c6 12. Ne4 Nd7 13. Nxc5 Nxc5 14. Be3 Rd8+ 15. Ke2 Na4 16. Rhd1 b6 17. Rxd8+ Kxd8 18. Rd1+ Ke7 19. Rd4 Nc5 20. Rd6 Nh6 21. Nd4 f6 22. Nxc6+ Kf7 23. Bxc5 bxc5 24. e6+ 1-0

[Event "Leiria op 5th"]
[Site "Leiria"]
[Date "2017.07.15"]
[Round "3"]
[White "Oliveira, Fernando Alves"]
[Black "Cordeiro, Joao Pedro Pereira"]
[Result "1-0"]
[WhiteElo "1580"]
[BlackElo "1145"]
[PlyCount "63"]
[EventDate "2017.07.14"]
[EventType "swiss"]
[EventRounds "5"]
[EventCountry "POR"]
[SourceTitle "EXT 2018"]
[Source "ChessBase"]
[SourceDate "2017.10.13"]
[SourceVersion "1"]
[SourceVersionDate "2017.10.13"]
[SourceQuality "1"]

1. d4 Nf6 2. Bf4 g6 3. Nf3 d6 4. e3 Bg7 5. h3 0-0 6. Bc4 Nh5 7. Bh2 a6 8. a4 c5 9. c3 Nc6 10. 0-0 Bd7 11. Nbd2 Na5 12. Bd3 b5 13. b4 cxb4 14. cxb4 Nb7 15. Be4 Qb6 16. a5 Qc7 17. Rc1 Qb8 18. Qb3 Be6 19. Bd5 Bxd5 20. Qxd5 e6 21. Qc6 Rc8 22. Qb6 Bf8 23. Ne4 Rd8 24. Rc7 Ra7 25. Nfg5 d5 26. Rxf7 Nd6 27. Rxf8+ Rxf8 28. Qxb8 Rxb8 29. Nxd6 Rd8 30. Nxe6 Rad7 31. Nc5 Rc7 32. Ne6 1-0

[Event "Lisbon Portugal rapid op"]
[Site "Lisbon"]
[Date "2017.02.11"]
[Round "1"]
[White "Akshat, Khamparia"]
[Black "Oliveira, Fernando Alves"]
[Result "1-0"]
[WhiteElo "2361"]
[BlackElo "1595"]
[PlyCount "63"]
[EventDate "2017.02.11"]
[EventType "swiss (rapid)"]
[EventRounds "8"]
[EventCountry "POR"]
[SourceTitle "CBM 176 Extra"]
[Source "ChessBase"]
[SourceDate "2017.03.02"]
[SourceVersion "1"]
[SourceVersionDate "2017.03.02"]
[SourceQuality "1"]

1. d4 Nf6 2. Bg5 c6 3. Nf3 h6 4. Bxf6 exf6 5. g3 d5 6. Bg2 Bg4 7. Nbd2 Nd7 8. c4 Bb4 9. 0-0 0-0 10. cxd5 cxd5 11. h3 Be6 12. Qb3 Bd6 13. Nb1 Nb6 14. Nc3 Qd7 15. Kh2 Rac8 16. Nd2 h5 17. h4 a6 18. e3 Nc4 19. Nxc4 Rxc4 20. Kg1 Rfc8 21. Rfc1 Bxg3 22. fxg3 g5 23. Qd1 Bg4 24. Qd2 gxh4 25. gxh4 Kg7 26. Nxd5 Rxc1+ 27. Rxc1 Rxc1+ 28. Qxc1 Qe6 29. Qf1 Bh3 30. Bxh3 Qxd5 31. Qg2+ Qxg2+ 32. Bxg2 1-0